000 00607nam a2200229Ia 4500
003 OSt
005 20220924151500.0
006 a|||||r|||| 00| 0
007 ta
008 220923b |||||||| |||| 00| 0 ara d
024 _a337906
037 _cTextual
040 _aARTS
_cARTS
_bara
041 _2ara
_aara
082 _aO28,1MHBx, M6
100 _aHasir Abdullah Al-Hamir Au.
_9224332
245 0 _aAl-sher fi khuda-o-autul imam
260 _c1986
650 _aARABIC POETRY
942 _hO28,1MHBx, M6
_cTEXL
_2CC
999 _c466727
_d466727